Yo y Tú - Beéle, Quevedo, Ovy On The Drums - Estadísticas

Estadísticas generales
  • Esta prueba ha sido intentada 43 veces
  • La puntuación promedio es 262 de 381
Estadísticas de respuestas
Letra % Correcto
y
100%
Y
100%
Yo
100%
yo
100%
a
94%
lo
94%
Si
94%
Tu
94%
94%
tu
94%
94%
bien
88%
de
88%
do
88%
Dos
88%
dos
88%
el
88%
las
88%
los
88%
ma
88%
me
88%
Me
88%
no
88%
pa
88%
un
88%
una
88%
bailando
82%
es
82%
i
82%
Mami
82%
mami
82%
mi
82%
que
82%
Que
82%
you
82%
con
76%
en
76%
En
76%
enrolao
76%
Imagínate
76%
pegao
76%
se
76%
Se
76%
76%
VIP
76%
del
71%
eso
71%
esta
71%
está
71%
love
71%
parecemos
71%
Pero
71%
pero
71%
te
71%
espalda
65%
esquinita
65%
labio
65%
like
65%
menos
65%
obvio
65%
para
65%
pegada
65%
Perreando
65%
por
65%
quiero
65%
abdomen
59%
escapa
59%
it
59%
muerde
59%
novios
59%
phillie
59%
philly
59%
pregunta
59%
siempre
59%
acabe
53%
encantas
53%
este
53%
había
53%
hasta
53%
mal
53%
momento
53%
mucho
53%
pensaba
53%
su
53%
ahora
47%
amor
47%
arriba
47%
Baby
47%
contigo
47%
demasiao
47%
dio
47%
favor
47%
futuro
47%
hago
47%
noche
47%
nunca
47%
otro
47%
pidiendo
47%
primera
47%
quizás
47%
tiene
47%
To
47%
vez
47%
vo
47%
ayer
41%
bala
41%
cama
41%
Cupido
41%
Dios
41%
Esa
41%
esa
41%
estaba
41%
gusta
41%
mirando
41%
miras
41%
ocurriendo
41%
perreándonos
41%
pone
41%
shot
41%
última
41%
ver
41%
Así
35%
así
35%
bellaquera
35%
cámara
35%
doy
35%
empezar
35%
empieza
35%
falló
35%
lenta
35%
secuestrar
35%
soltero
35%
Como
29%
honor
29%
melo
29%
mis
29%
salen
29%
Ser
29%
besos
24%
ganas
24%
singao
24%
arrecosta
18%
BEMBE
18%
despierte
18%
singándonos
18%
Toas
18%
bajemos
12%
besas
12%
esquina
12%
hacerlo
12%
imaginas
12%
quedemos
12%
volvamo
12%
Besarnos
6%
Dime
6%
pegau
0%
Pónete
0%
Pónteme
0%
No se encontraron pruebas coincidentes
Distribución de puntuación
Porcentaje de gente con cada puntuación
Porcentaje por número respondido
Historial de tus puntuaciones
No has intentado esta prueba.